000 01514nam a22004217a 4500
001 000096438
003 CHAP
005 20220329143156.0
008 061019d2006 mx r 00110 spa d
010 _a92904
011 _a93876
035 _a104458
040 _cCHAP
090 _aTesis
100 1 _aTapia Pérez, Deysi.
_9111647
245 1 0 _aVariabilidad genética en cultivares de guayabo (Psidium guajava L.) /
_c/por Deysi Tapia Pérez.
260 _aChapingo, Méx. :
_bEl autor,
_c2006.
300 _a80 h.
502 _aTesis (M. C. en Biotecnología Agrícola) - - UACH. Departamento de Fitotecnia. Posgrado en Biotecnología Agrícola
590 _aALEPH
_b10
_c20130110
_lUCH01
_h1514
590 _aBATCH-UPD
_b10
_c20130110
_lUCH01
_h0523
590 _aBATCH-UPD
_b10
_c20130410
_lUCH01
_h0202
590 _aBATCH-UPD
_b10
_c20130914
_lUCH01
_h1554
590 _aBATCH-UPD
_b10
_c20140324
_lUCH01
_h1459
590 _aBATCH-UPD
_b10
_c20141002
_lUCH01
_h0831
590 _aCONVERSION
_b10
_c20130109
_lUCH01
_h1351
590 _aE11695DGD
_b10
_c20130530
_lUCH01
_h1247
650 1 4 _aGuayaba
_xFisiología y morfología.
_951050
650 1 4 _aGuayaba
_xGenetica.
_951051
650 1 4 _aGuayaba
_xMéxico.
_951057
856 _3Finding aid
_uhttp://10.13.5.2/tesis/104458.pdf
_zTeclea aquí
901 _aBK
905 _aLilia
942 _cCD
942 _n0
949 _aTesis
_bBC
_cTES
_d00000001044581
_eTS1
_h45908
_i104458
_sb
949 _aTesis
_bBC
_cTES
_d33724000995239
_eTS2
_fc.2
_h45909
_i104458
_si
999 _c92904
_d92904